000 00456nam a2200181Ia 4500
001 3941
005 20260306145720.0
008 260306t2013||||xx |||||||||||||| ||spa||
041 _aESP
082 _a305.8
_bP78
100 _aPortocarrero, Gonzalo (ed.)
_eAUT
245 0 _aSombras coloniales y globalización en el Perú de hoy
260 _c2013
300 _a388 páginas :
_c23 cm.
650 _aGEN
654 _aCHU
942 _cLIB
_dJUS
_fJUS
_2ddc
_n
999 _c3941
_d3941